US States population density connect - Statistics

General Stats
  • This quiz has been taken 117 times
  • The average score is 44 of 48
Answers on the Map
Answers color-coded by a green-red scale on the quiz's map according to % correct below.
 
Answer Stats
State % Correct
Connecticut
99%
Delaware
99%
Massachusetts
99%
Rhode Island
99%
Maine
97%
Maryland
97%
New Hampshire
97%
New Jersey
97%
New York
97%
Ohio
97%
Pennsylvania
97%
Vermont
97%
Illinois
96%
Indiana
96%
Kentucky
96%
North Carolina
96%
Virginia
96%
Alabama
95%
Florida
95%
Georgia
95%
Tennessee
95%
Missouri
94%
Arkansas
92%
Louisiana
92%
Mississippi
92%
Oklahoma
92%
Texas
92%
Arizona
91%
California
91%
New Mexico
91%
Oregon
91%
Washington
91%
Colorado
90%
Idaho
90%
Kansas
90%
Utah
90%
Nebraska
88%
Iowa
87%
Michigan
86%
Minnesota
86%
Wisconsin
86%
South Dakota
82%
North Dakota
81%
Montana
79%
Wyoming
78%
Nevada
76%
South Carolina
76%
West Virginia
76%
No matching quizzes found
Score Distribution
Percent of People with Each Score
Percentile by Number Answered
Your Score History
You have not taken this quiz